000 00337 a2200157 4500
001 169750
020 _a
040 _cMagnum
100 _aRocha, Ruth
240 1 0 _aEl libro de las tintas
_lESP
245 1 0 _aEl libro de las tintas
362 0 _a1899
440 1 _aMelhoramentos
697 _aLITERATURA ESTRANGEIRA
942 _cBK
999 _c169750
_d169750